LEADER 01011nam a2200253 u 4500 001 000000055432 003 CaOOAMICUS 005 20070226115802.0 008 010129s1967 it u000 u ita u 035 $a10866574 040 $aPUL(R)$bita 100 1 $aTabacco, Giovanni,$d1914-2002.$0(OLS)http://pul/name/5799 245 10$aErudizione e storia di monasteri in Piemonte /$cGiovanni Tabacco. 260 $aRoma :$bHerder,$c1967. 300 $aP. [198]-222 ;$c24 cm 504 $aBibliografia in nota. 650 4$aMonachismo e ordini religiosi.$0(OLS)http://pul/subject/757 651 4$aPiemonte$xStoria.$0(OLS)http://pul/subject/6221 850 $aPUL 852 $aPUL$W1$xDP1 Fondo Maccarrone$y58$m1527 C 62$j72883$nBK-PRI$b $qFondi$B72883$CPULBib$Z2$F72883 $H $81 941 1 $a1 961 $aINV: F. Maccarrone 996 $6245$aErudizione e storia di monasteri in Piemonte$9(OLS)http://pul/title/74225 996 $6260$aRoma :$bHerder$9(OLS)http://pul/publisher/47913 LEADER 00887nam a2200229 a 4500 001 000000136804 003 CaOOAMICUS 005 20131216115328.0 008 131216s1981 it u000 u ita r 040 $aPUL$bita 100 1 $aAndreotti, Giulio,$d1919-2013.$0(OLS)http://pul/name/13384 245 10$aDiari 1976 1979 :$bgli anni della solidarietà /$cGiulio Andreotti. 260 $aMilano :$bRizzoli,$c1981. 300 $a366 p. ;$c23 cm 651 4$aItalia$xStoria$y1976-1979.$0(OLS)http://pul/subject/39959 850 $aPUL 852 $aPUL$W1$xDP1 Fondo E. Rossi$y115$m3 A 15$j41833$qFondi$B157068$CPULBib$Z2$F157068 $82 941 1 $a1 961 $aSul dorso collocazione ms. di E. Rossi: CP 9 2 996 $6245$aDiari 1976 1979 :$bgli anni della solidarietà$9(OLS)http://pul/title/173211 996 $6260$aMilano :$bRizzoli$9(OLS)http://pul/publisher/48712